| Tag |
First Indicator |
Second Indicator |
Subfields |
| LEADER |
00000cas a2200000Ka 4500 |
| 001 |
in00002091069 |
| 005 |
20151102174313.0 |
| 006 |
m d |
| 007 |
cr un--------- |
| 008 |
050614c20039999stkbr pss o 0 0eng d |
| 022 |
|
|
|y 1479-666X
|
| 029 |
0 |
|
|a OCLCS
|b 13114
|
| 035 |
|
|
|a (OCoLC)ocm60630416
|
| 040 |
|
|
|a OCLCS
|c OCLCS
|d TXA
|d UtOrBLW
|
| 049 |
|
|
|a TXAM
|
| 060 |
|
4 |
|a W1
|b SU731
|
| 082 |
0 |
4 |
|a 617
|
| 090 |
|
|
|a RD1
|b .J687 Electronic
|
| 130 |
0 |
|
|a Surgeon (Online)
|
| 245 |
1 |
4 |
|a The surgeon :
|b journal of the Royal Colleges of Surgeons of Edinburgh and Ireland.
|
| 246 |
1 |
|
|i Electronic journal home page has title:
|a Online journal of the RCSEd
|
| 264 |
|
1 |
|a Edinburgh :
|b Publications Office, The Royal College of Surgeons of Edinburgh.
|
| 310 |
|
|
|a Bimonthly
|
| 336 |
|
|
|a text
|b txt
|2 rdacontent
|
| 337 |
|
|
|a computer
|b c
|2 rdamedia
|
| 338 |
|
|
|a online resource
|b cr
|2 rdacarrier
|
| 362 |
1 |
|
|a Print began with v. 01, no. 1 (Feb. 2003).
|
| 500 |
|
|
|a Description based on print version record.
|
| 530 |
|
|
|a Also issued in print.
|
| 538 |
|
|
|a Mode of access: World Wide Web.
|
| 500 |
|
|
|a Electronic resource.
|
| 650 |
|
0 |
|a Surgery
|v Periodicals.
|
| 650 |
1 |
2 |
|a General Surgery
|v Periodicals.
|
| 650 |
1 |
2 |
|a Surgical Procedures, Operative
|v Periodicals.
|
| 710 |
2 |
|
|a Royal College of Surgeons of Edinburgh.
|
| 710 |
2 |
|
|a Royal College of Surgeons in Ireland.
|
| 776 |
1 |
|
|t Surgeon
|x 1479-666X
|w (DLC) 2003243498
|w (OCoLC)52412573
|
| 780 |
0 |
0 |
|a Irish Colleges of Physicians and Surgeons.
|t Journal of the Royal College of Surgeons of Edinburgh
|
| 948 |
|
|
|a cataloged
|b h
|c 2006/1/10
|d c
|e pbump
|
| 994 |
|
|
|a C0
|b TXA
|
| 999 |
|
|
|a MARS
|
| 999 |
f |
f |
|s b2f6bd43-940e-3b21-9d3e-fa0f5947a0c1
|i 45751ecb-2247-3aaf-96e3-b4838557d1cb
|t 0
|
| 952 |
f |
f |
|a Texas A&M University
|b College Station
|c Electronic Resources
|d Available Online
|t 0
|e RD1 .J687
|g Electronic
|h Library of Congress classification
|
| 998 |
f |
f |
|a RD1 .J687
|t 0
|l Available Online
|